[Event "Torneio Nacional Honour 2017-18"]
[Site "Cascais"]
[Date "2018.08.15"]
[Round "6"]
[White "Godinho Marques, Pedro"]
[Black "Sa, Claudio Simao Carva"]
[Result "1-0"]
[WhiteElo "1862"]
[BlackElo "1790"]
[Annotator "NA"]
[PlyCount "151"]
[EventDate "2018.08.11"]
[EventType "tourn"]
[EventCountry "POR"]
[SourceTitle "playchess.com"]
[Source "ChessBase"]
[SourceQuality "1"]
[TimeControl "5400+30"]

1. d4 {[%emt 0:00:31]} f5 {[%emt 0:01:58]} 2. Nf3 {[%emt 0:08:23]} Nf6 {[%emt 0:00:56]} 3. Bg5 {[%emt 0:01:29]} e6 {[%emt 0:02:16]} 4. Nbd2 {[%emt 0:01:40] A80: Dutch Defence: Unusual White second moves} Be7 {[%emt 0:05:43]} 5. g3 {[%emt 0:08:20]} b6 {[%emt 0:04:24]} 6. Bg2 {[%emt 0:00:39]} Bb7 {[%emt 0:00:26]} 7. O-O {[%emt 0:00:47]} O-O {[%emt 0:00:16]} 8. Ne5 $146 {[%emt 0:08:32]} ({Predecessor:} 8. c3 h6 9. Bxf6 Bxf6 10. Qc2 d5 11. Ne1 Nd7 12. Nd3 c5 13. dxc5 Nxc5 14. Nxc5 bxc5 15. c4 Qb6 16. cxd5 exd5 {½-½ (66) Wang,C (2529)-Wang,H (2700) Shenzhen 2015}) 8... Bxg2 {[%emt 0:01:48]} 9. Kxg2 {[%emt 0:00:07]} d6 {[%emt 0:00:34]} 10. Nd3 {[%emt 0:04:18]} Nc6 {[%emt 0:08:58]} 11. c3 {[%emt 0:02:54]} e5 {[%emt 0:11:33]} 12. d5 {[%emt 0:13:36]} Nb8 {[%emt 0:16:42]} 13. f3 {[%emt 0:09:02]} Nbd7 {[%emt 0:09:06]} 14. e4 {[%emt 0:03:02]} Nxd5 {[%emt 0:17:23]} 15. Qb3 {[%emt 0:04:50]} Bxg5 {[%emt 0:00:12]} 16. Qxd5+ {[%emt 0:00:23]} Kh8 {[%emt 0:00:19]} 17. f4 {[%emt 0:01:32]} Nf6 {[%emt 0:01:43]} 18. Qc6 {[%emt 0:00:29]} exf4 {[%emt 0:01:19]} 19. Nxf4 {[%emt 0:01:21]} Bxf4 {[%emt 0:06:45]} 20. Rxf4 {[%emt 0:01:28]} Ng4 {[%emt 0:01:17]} 21. Re1 {[%emt 0:02:56]} (21. exf5 $11 {keeps the balance.} Ne5 22. Qd5) 21... Ne5 {[%emt 0:00:44]} 22. Qd5 {[%emt 0:00:48]} c6 {[%emt 0:02:20]} 23. Qd4 {[%emt 0:00:49]} fxe4 {[%emt 0:00:47]} 24. Rfxe4 {[%emt 0:04:24]} (24. Nxe4 $15 Rxf4 25. gxf4) 24... Qf6 {[%emt 0:01:06]} 25. Rf1 {[%emt 0:01:52]} Qg6 {[%emt 0:00:42]} 26. Ref4 {[%emt 0:01:00]} Rxf4 {[%emt 0:01:00]} 27. Rxf4 {[%emt 0:01:21]} Nd3 {[%emt 0:01:12]} (27... Re8 $17 28. Ne4 Nf7) 28. Rg4 {[%emt 0:00:23]} Ne1+ {[%emt 0:00:10]} 29. Kf1 {[%emt 0:00:58]} Nc2 {[%emt 0:01:31]} (29... c5 $1 $11 {remains equal.} 30. Rxg6 cxd4 31. Rxd6 dxc3 32. Kxe1 (32. bxc3 Nc2 $14) 32... cxd2+ 33. Ke2 (33. Rxd2 Re8+ 34. Kd1 Kg8 $11) 33... Re8+ 34. Kxd2 Rf8 $11) 30. Rxg6 $16 {[%emt 0:01:32]} Nxd4 {[%emt 0:00:54]} 31. Rxd6 {[%emt 0:00:19]} Rf8+ {[%emt 0:00:28]} 32. Kg2 {[%emt 0:00:20]} Nf5 {[%emt 0:00:17]} 33. Rxc6 {[%emt 0:00:24]} Ne3+ {[%emt 0:00:38]} 34. Kh3 {[%emt 0:01:33]} h6 {[%emt 0:00:25]} 35. Rc7 {[%emt 0:01:40]} Rf5 {[%emt 0:00:35]} 36. g4 {[%emt 0:03:34]} Rf2 {[%emt 0:00:20]} 37. Rd7 {[%emt 0:00:49]} Rg2 {[%emt 0:00:37]} 38. Nc4 {[%emt 0:02:43]} Re2 {[%emt 0:01:01]} 39. Re7 {[%emt 0:00:14]} Rc2 {[%emt 0:00:31]} 40. Rxe3 {[%emt 0:01:02]} b5 {[%emt 0:00:13]} 41. Na3 {[%emt 0:02:36]} Rxb2 {[%emt 0:00:10]} 42. Re7 {[%emt 0:01:51]} a5 {[%emt 0:00:49]} 43. Ra7 {[%emt 0:00:56]} a4 {[%emt 0:00:45]} 44. Nxb5 {[%emt 0:00:47]} Rxa2 {[%emt 0:00:32]} 45. c4 {[%emt 0:00:22]} Kg8 {[%emt 0:00:15]} 46. c5 {[%emt 0:00:32]} Rc2 {[%emt 0:00:45]} 47. Ra8+ {[%emt 0:00:50]} Kf7 {[%emt 0:00:21]} 48. Nd6+ {[%emt 0:00:30]} Kg6 {[%emt 0:00:33]} 49. Ne4 {[%emt 0:00:59]} Rc4 {[%emt 0:00:14]} 50. Ra6+ {[%emt 0:00:07]} Kh7 {[%emt 0:00:14]} 51. Nd6 {[%emt 0:00:59]} Rc3+ {[%emt 0:00:19]} 52. Kg2 {[%emt 0:00:12]} a3 {[%emt 0:00:18]} 53. c6 {[%emt 0:00:37]} Rc2+ {[%emt 0:00:14]} 54. Kf3 {[%emt 0:00:14]} a2 {[%emt 0:00:41]} 55. Nb5 {[%emt 0:00:24]} Rxc6 {[%emt 0:01:33]} 56. Rxa2 {[%emt 0:00:07]} Rf6+ {[%emt 0:00:20]} 57. Kg3 {[%emt 0:00:11]} Rb6 {[%emt 0:00:08]} 58. Rb2 {[%emt 0:00:21]} Rc6 {[%emt 0:00:21]} 59. Rb3 {[%emt 0:00:09]} Rc4 {[%emt 0:00:14]} 60. Nd6 {[%emt 0:00:14]} Rd4 {[%emt 0:00:15]} 61. Nf5 {[%emt 0:00:20]} Rd7 {[%emt 0:00:23]} 62. Re3 {[%emt 0:00:09]} Kg6 {[%emt 0:00:29]} 63. Kf4 {[%emt 0:00:44]} Ra7 {[%emt 0:00:25]} 64. Re7 {[%emt 0:00:32]} Ra4+ {[%emt 0:00:27]} 65. Kg3 {[%emt 0:00:08]} h5 {[%emt 0:00:52]} 66. Rxg7+ {[%emt 0:01:06]} Kf6 {[%emt 0:00:06]} 67. h3 {[%emt 0:00:16]} Ra3+ {[%emt 0:00:57]} 68. Kh4 {[%emt 0:00:16]} Rd3 {[%emt 0:01:20]} 69. Rb7 {[%emt 0:00:15]} hxg4 {[%emt 0:00:44]} 70. hxg4 {[%emt 0:00:09]} Rd1 {[%emt 0:00:23]} 71. Rb6+ {[%emt 0:00:11]} Kf7 {[%emt 0:00:09]} 72. Kg5 {[%emt 0:00:07]} Rd5 {[%emt 0:00:48]} 73. Rf6+ {[%emt 0:00:13]} Kg8 {[%emt 0:00:24]} 74. Kg6 {[%emt 0:00:00]} Rd8 {[%emt 0:00:00]} 75. Nh6+ {[%emt 0:00:15]} Kh8 {[%emt 0:00:00]} 76. Nf7+ {[%emt 0:00:08]} 1-0

[Event "Torneio Nacional Honour 2017-18"]
[Site "Cascais"]
[Date "2018.08.15"]
[Round "6"]
[White "Guia, Artur Solovyov Eloy"]
[Black "Santos, Ruben Jose Melo"]
[Result "1-0"]
[WhiteElo "1818"]
[BlackElo "1718"]
[Annotator "NA"]
[PlyCount "107"]
[EventDate "2018.08.11"]
[EventType "tourn"]
[EventCountry "POR"]
[SourceTitle "playchess.com"]
[Source "ChessBase"]
[SourceQuality "1"]
[TimeControl "5400+30"]

1. e4 {[%emt 0:00:00]} e6 {[%emt 0:21:07]} 2. d4 {[%emt 0:00:00]} d5 {[%emt 0:00:02]} 3. exd5 {[%emt 0:00:00]} exd5 {[%emt 0:00:03]} 4. Bd3 {[%emt 0:00:00]} c5 {[%emt 0:00:09]} 5. dxc5 {[%emt 0:01:04]} Bxc5 {[%emt 0:00:05]} 6. Nf3 {[%emt 0:00:13]} Ne7 {[%emt 0:00:11]} 7. O-O {[%emt 0:00:13]} O-O {[%emt 0:00:03]} 8. Nc3 {[%emt 0:02:02]} a6 {[%emt 0:00:37]} 9. Bf4 {[%emt 0:09:37]} Nbc6 {[%emt 0:01:14]} 10. h3 {[%emt 0:03:15]} Nb4 {[%emt 0:02:04]} 11. a3 {[%emt 0:01:38]} Nxd3 {[%emt 0:00:12]} 12. Qxd3 {[%emt 0:00:17]} Bf5 {[%emt 0:00:08]} 13. Qd2 {[%emt 0:00:27]} d4 {[%emt 0:04:40]} 14. Ne2 $1 {[%emt 0:00:58]} d3 {[%emt 0:00:13]} 15. cxd3 {[%emt 0:00:08]} Qxd3 {[%emt 0:00:33]} 16. Rfd1 $11 {[%emt 0:01:56]} Rfd8 {[%emt 0:06:43]} 17. Qxd3 {[%emt 0:00:28]} Rxd3 {[%emt 0:00:03]} 18. Rxd3 {[%emt 0:00:30]} Bxd3 {[%emt 0:00:30]} 19. Nc3 {[%emt 0:00:39]} Ng6 {[%emt 0:00:05]} 20. Bc7 {[%emt 0:00:42]} Rc8 {[%emt 0:03:49]} 21. Bg3 {[%emt 0:00:11]} b5 {[%emt 0:01:19]} 22. Ne5 {[%emt 0:00:34]} Nxe5 {[%emt 0:00:22]} 23. Bxe5 {[%emt 0:00:07]} f6 {[%emt 0:00:35]} 24. Bf4 {[%emt 0:00:59]} Bd4 {[%emt 0:01:13]} 25. Rc1 {[%emt 0:00:51]} g5 {[%emt 0:00:32]} 26. Be3 {[%emt 0:01:06]} Bxe3 {[%emt 0:00:22]} 27. fxe3 {[%emt 0:00:06]} h5 {[%emt 0:00:49]} 28. Rd1 {[%emt 0:00:26]} Bc4 {[%emt 0:07:17]} 29. Rd6 {[%emt 0:00:23]} Kg7 {[%emt 0:00:01]} 30. Rxa6 {[%emt 0:02:06]} b4 {[%emt 0:00:02]} 31. Ra7+ {[%emt 0:00:14]} Kg6 {[%emt 0:00:01]} 32. axb4 {[%emt 0:00:10]} Rb8 {[%emt 0:00:07]} 33. Rd7 {[%emt 0:01:53]} Rxb4 {[%emt 0:00:47]} 34. Rd4 {[%emt 0:00:12]} f5 {[%emt 0:03:11]} 35. b3 {[%emt 0:00:37]} Rxb3 {[%emt 0:00:02]} 36. Rxc4 {[%emt 0:00:07]} g4 {[%emt 0:00:05]} 37. hxg4 {[%emt 0:01:14]} hxg4 {[%emt 0:00:03]} 38. Rc6+ {[%emt 0:00:58]} Kg5 {[%emt 0:00:05]} 39. Nd5 {[%emt 0:00:47]} g3 {[%emt 0:00:40]} 40. Kf1 {[%emt 0:01:21]} Rd3 {[%emt 0:00:32]} 41. Rd6 {[%emt 0:01:47]} Rd2 {[%emt 0:00:03]} 42. Ke1 {[%emt 0:04:15]} Rxg2 {[%emt 0:00:08]} 43. Nf4 {[%emt 0:00:41]} Rh2 {[%emt 0:04:24]} 44. Rg6+ {[%emt 0:34:48]} Kh4 {[%emt 0:00:56]} 45. Rg8 {[%emt 0:04:28]} Rf2 {[%emt 0:04:45]} 46. Rg7 {[%emt 0:02:15]} Rh2 {[%emt 0:00:10]} 47. Ne2 {[%emt 0:10:50]} Rg2 {[%emt 0:10:18]} 48. Kd2 {[%emt 0:03:57]} Rf2 {[%emt 0:00:03]} 49. Kd3 {[%emt 0:00:43]} Rf3 {[%emt 0:00:02]} 50. Kd4 {[%emt 0:01:25]} Rf2 {[%emt 0:07:19]} 51. Nf4 {[%emt 0:03:56]} Rf3 {[%emt 0:02:23]} 52. Ke5 {[%emt 0:01:02]} g2 {[%emt 0:04:11]} 53. Kxf5 Rf1 {[%emt 0:03:46]} 54. Rg4# {[%emt 0:02:03]} 1-0

[Event "Torneio Nacional Honour 2017-18"]
[Site "Cascais"]
[Date "2018.08.15"]
[Round "6"]
[White "De Moura, Fernando Alves"]
[Black "Santos, Isabel"]
[Result "0-1"]
[WhiteElo "1814"]
[BlackElo "2005"]
[Annotator "NA RC"]
[PlyCount "54"]
[EventDate "2018.08.11"]
[EventType "tourn"]
[EventCountry "POR"]
[SourceTitle "playchess.com"]
[Source "ChessBase"]
[SourceQuality "1"]
[TimeControl "5400+30"]

{[%evp 15,50,-15,-25,32767,32767,32767,32767,32767,32767,32767,32767,32767,32767,-277,-219,-206,-205,-305,32767,-208,-199,-29999,-195,-29999,-159,-359,-195,-630,-303,-316,162,-29991,32767,-2532,-830,-805,-568]} 1. e4 c6 2. d4 d5 3. Nc3 dxe4 4. Nxe4 Nd7 5. Qe2 e6 6. Nf3 Ngf6 7. Ng3 c5 8. c3 b6 9. Bf4 Nd5 10. Bd2 Be7 11. h4 Bb7 12. Ne4 Rc8 13. Nfg5 cxd4 14. Qf3 (14. Qh5 $17 g6 15. Qf3) 14... Ne5 15. Qg3 dxc3 16. Bxc3 (16. bxc3) (16. Bb5+ $142 Kf8 17. Bxc3 Nxc3 18. Nxc3) 16... Nxc3 17. Nxc3 Nc4 18. Qg4 $2 (18. Bxc4 $19 Rxc4 19. Qe5) 18... Bxg5 $2 (18... Qd2# {mates}) 19. hxg5 $2 (19. Qxg5 $19 Qxg5 20. hxg5) 19... Nxb2 $2 (19... Qd2# {mates}) 20. g6 $2 (20. Bb5+ $17 Ke7 21. Rh3) 20... fxg6 {[#]} (20... Qf6 $142 21. Bb5+ Kf8) 21. Ne4 $2 (21. Qxg6+ $1 {[%mdl 512]} hxg6 22. Rxh8+ Ke7 23. Rxd8 Rxd8 24. f3) 21... Bxe4 (21... O-O $142 22. Qxe6+ Rf7) 22. Qxe4 Qd5 23. Qb1 Qe5+ 24. Be2 O-O 25. Kf1 Nc4 $19 26. Bxc4 Rxc4 27. Qd1 Qb2 0-1

[Event "Torneio Nacional Honour 2017-18"]
[Site "Cascais"]
[Date "2018.08.15"]
[Round "7"]
[White "Santos, Isabel"]
[Black "Godinho Marques, Pedro"]
[Result "1-0"]
[WhiteElo "2005"]
[BlackElo "1862"]
[Annotator "NA RC"]
[PlyCount "89"]
[EventDate "2018.08.11"]
[EventType "tourn"]
[EventCountry "POR"]
[SourceTitle "playchess.com"]
[Source "ChessBase"]
[SourceQuality "1"]
[TimeControl "5400+30"]

1. d4 {[%emt 0:14:10]} d5 {[%emt 0:00:00]} 2. c4 {[%emt 0:00:07]} e6 {[%emt 0:00:14]} 3. Nf3 {[%emt 0:00:05]} c5 {[%emt 0:00:29]} 4. cxd5 {[%emt 0:00:10]} exd5 {[%emt 0:00:18]} 5. g3 {[%emt 0:00:10]} Nc6 {[%emt 0:00:59]} 6. Bg2 {[%emt 0:00:39]} Nf6 {[%emt 0:00:18]} 7. O-O {[%emt 0:00:07]} Be7 {[%emt 0:00:46]} 8. Bg5 {[%emt 0:00:37]} Bf5 {[%emt 0:07:29]} 9. Nc3 {[%emt 0:01:21]} O-O {[%emt 0:00:30]} 10. Rc1 {[%emt 0:07:26]} c4 {[%emt 0:11:14]} 11. Ne5 {[%emt 0:08:36] LiveBook: 5 Games} Be6 {[%emt 0:14:45]} 12. Nxc4 {[%emt 0:14:38] D34: Damengambit (Tarrasch-Verteidigung, Hauptvariante)} (12. Nxc6 bxc6 13. Bf4 Nh5 14. Be3 Rb8 15. Qd2 Bb4 16. Qc2 Qd7 17. Rfd1 Bh3 18. Bf3 Bg4 19. Bxg4 Qxg4 {0-1 (28) Puntier Andujar,F (2094)-Benitez Pacheco,A (2168) Santo Domingo DOM 2016}) 12... dxc4 {[%emt 0:21:24]} 13. Bxf6 {[%emt 0:00:03]} Bxf6 {[%emt 0:01:31]} 14. d5 {[%emt 0:00:04]} Bxd5 $146 {[%emt 0:09:56]} ({Vorgänger:} 14... Bxc3 15. Rxc3 Qb6 16. dxe6 Qxb2 17. exf7+ Kh8 18. Rxc4 Qxa2 19. Qc2 Qxc2 20. Rxc2 {½-½ (40) Stefan,O-Jankovec,I Zvolen 1963}) 15. Bxd5 {[%emt 0:01:59]} Na5 {[%emt 0:00:27]} 16. Bg2 {[%emt 0:03:01]} Rc8 {[%emt 0:05:27]} 17. Qc2 {[%emt 0:02:48]} g6 {[%emt 0:06:33]} 18. Rfd1 {[%emt 0:00:41]} Qe8 {[%emt 0:01:36]} 19. Ne4 {[%emt 0:01:43]} Qe5 {[%emt 0:02:09] [#]} 20. Nxf6+ $2 {[%emt 0:03:25]} (20. Rd5 $1 $18 {[%mdl 512] and the rest is easy.}) 20... Qxf6 {[%emt 0:00:06]} 21. Rd7 {[%emt 0:00:04]} Rcd8 {[%emt 0:03:28]} 22. Rcd1 {[%emt 0:00:48]} Rxd7 {[%emt 0:00:43]} 23. Rxd7 {[%emt 0:00:07]} Rd8 {[%emt 0:02:29]} 24. Qd2 {[%emt 0:00:19]} Rxd7 {[%emt 0:04:43]} 25. Qxd7 {[%emt 0:00:02]} Kg7 {[%emt 0:00:56]} 26. Bd5 {[%emt 0:04:54]} ({Don't do} 26. Bxb7 Nxb7 27. Qxb7 Qe5 $16) 26... Nc6 {[%emt 0:02:22]} (26... Qf5 $142 27. Qxf5 gxf5) 27. Qxb7 {[%emt 0:01:17]} Ne5 {[%emt 0:01:34]} (27... Nd8 $142 28. Qc7 (28. Qxa7 Qxb2 29. Kg2 Qe5 $16) 28... Ne6 29. Qxc4 Nd4) 28. Qxa7 {[%emt 0:01:31]} Nc6 {[%emt 0:01:01]} 29. Bxc6 {[%emt 0:01:50]} (29. Qb6 $142) 29... Qxc6 {[%emt 0:00:28]} 30. Qd4+ $18 {[%emt 0:00:05]} Kh6 {[%emt 0:00:32]} 31. h4 {[%emt 0:00:53]} f5 {[%emt 0:00:27]} 32. f3 {[%emt 0:02:00]} Kh5 {[%emt 0:00:34]} 33. Kg2 {[%emt 0:01:40]} Kh6 {[%emt 0:00:09]} 34. Qe3+ {[%emt 0:01:07]} Kg7 {[%emt 0:00:11]} 35. Qc3+ {[%emt 0:00:05]} Kh6 {[%emt 0:00:16]} 36. b3 {[%emt 0:00:21]} Qa6 {[%emt 0:00:08]} 37. Qxc4 {[%emt 0:00:34]} Qxa2 {[%emt 0:00:16]} 38. Qf4+ {[%emt 0:00:37]} Kg7 {[%emt 0:00:10]} 39. Qe5+ {[%emt 0:00:10]} Kh6 {[%emt 0:00:10]} 40. b4 {[%emt 0:00:06]} Qa6 {[%emt 0:01:55]} 41. b5 {[%emt 0:00:13]} Qb6 {[%emt 0:00:35]} 42. Qb2 {[%emt 0:04:08]} Kh5 {[%emt 0:01:09]} 43. Qg7 {[%emt 0:00:10]} h6 {[%emt 0:00:32]} 44. Qe5 {[%emt 0:00:17]} g5 {[%emt 0:00:23]} 45. Qe8+ {[%emt 0:00:08]} 1-0

[Event "Torneio Nacional Honour 2017-18"]
[Site "Cascais"]
[Date "2018.08.15"]
[Round "7"]
[White "Lavrador, Rodolfo M Mascarenh"]
[Black "Guia, Artur Solovyov Eloy"]
[Result "1-0"]
[WhiteElo "1859"]
[BlackElo "1818"]
[Annotator "NA RC"]
[PlyCount "155"]
[EventDate "2018.08.11"]
[EventType "tourn"]
[EventCountry "POR"]
[SourceTitle "playchess.com"]
[Source "ChessBase"]
[SourceQuality "1"]
[TimeControl "5400+30"]

1. e4 {[%emt 0:00:00]} e5 {[%emt 0:00:00]} 2. Nf3 {[%emt 0:00:00]} Nc6 {[%emt 0:00:00]} 3. Bb5 {[%emt 0:00:00]} a6 {[%emt 0:00:00]} 4. Ba4 {[%emt 0:00:00]} Nf6 {[%emt 0:00:00]} 5. O-O {[%emt 0:00:21]} Be7 {[%emt 0:00:09]} 6. c3 {[%emt 0:00:36]} b5 {[%emt 0:00:08]} 7. Bc2 {[%emt 0:00:11]} d6 {[%emt 0:00:14]} 8. h3 {[%emt 0:00:13]} O-O {[%emt 0:00:07]} 9. Re1 {[%emt 0:00:29]} Na5 {[%emt 0:00:07] C87: Closed Ruy Lopez: Steinitz-type lines after 6 Re1 d6} (9... Bb7 10. d4 exd4 11. cxd4 Nb4 12. Bb3 c5 13. a3 Nc6 14. Nc3 Nxd4 15. Nxd4 cxd4 16. Qxd4 Nd7 17. Nd5 Nc5 18. Ba2 Bxd5 19. Qxd5 {1-0 (76) Anand,V (2752)-Sokolov,I (2647) Prague 2002 CBM 089 [Anand,V]}) 10. d4 {[%emt 0:01:25]} exd4 {[%emt 0:00:45]} 11. cxd4 {[%emt 0:00:16]} c5 {[%emt 0:00:27]} 12. dxc5 {[%emt 0:02:03]} dxc5 {[%emt 0:00:05]} 13. Qxd8 {[%emt 0:00:58]} Rxd8 {[%emt 0:00:11]} 14. Nc3 $146 {[%emt 0:00:17]} ({Predecessor:} 14. Bf4 Nc6 15. a3 Be6 16. Nc3 Nd4 17. Bd1 {1-0 (35) Tan,J-Meszaros,T St Lorenzo 1995}) 14... Nc6 {[%emt 0:00:33]} 15. Bf4 {[%emt 0:03:00]} Nb4 {[%emt 0:01:12]} 16. Bb1 {[%emt 0:00:48]} Bb7 {[%emt 0:00:41]} 17. a3 {[%emt 0:00:23]} Nd3 {[%emt 0:00:24]} 18. Bxd3 {[%emt 0:00:31]} Rxd3 {[%emt 0:00:16]} 19. Ne5 {[%emt 0:05:05]} Rd4 {[%emt 0:01:34]} 20. f3 {[%emt 0:01:03]} Re8 {[%emt 0:01:35]} 21. Ne2 {[%emt 0:03:07]} Rdd8 {[%emt 0:00:14]} 22. Red1 {[%emt 0:01:08]} Rxd1+ {[%emt 0:02:21]} 23. Rxd1 {[%emt 0:00:10]} Rd8 {[%emt 0:00:41]} 24. Rxd8+ {[%emt 0:00:36]} Bxd8 {[%emt 0:00:05]} 25. Kf2 {[%emt 0:00:27]} Nh5 {[%emt 0:02:21]} 26. Be3 {[%emt 0:01:19]} c4 {[%emt 0:02:11]} 27. Ng4 {[%emt 0:09:55]} Nf6 {[%emt 0:00:47]} 28. Bd4 {[%emt 0:02:21]} Nxg4+ {[%emt 0:00:24]} 29. hxg4 {[%emt 0:00:09]} Bg5 {[%emt 0:01:44]} 30. f4 {[%emt 0:00:48]} Bd8 {[%emt 0:00:10]} 31. Ke3 {[%emt 0:00:32]} g6 {[%emt 0:00:44]} 32. g3 {[%emt 0:00:35]} Kf8 {[%emt 0:00:06]} 33. Bc5+ {[%emt 0:01:07]} Ke8 {[%emt 0:00:26]} 34. g5 {[%emt 0:05:05]} Kd7 {[%emt 0:01:23]} 35. Nd4 {[%emt 0:01:03]} Ba8 {[%emt 0:02:32]} 36. Nf3 {[%emt 0:01:58]} Bc7 {[%emt 0:01:03]} 37. Bd4 {[%emt 0:01:13]} Ke6 {[%emt 0:03:10]} 38. g4 {[%emt 0:02:21]} Bb7 {[%emt 0:01:02]} 39. f5+ $11 {[%emt 0:00:28]} Ke7 {[%emt 0:01:15]} 40. Bc5+ {[%emt 0:07:24]} Kd7 {[%emt 0:01:31]} 41. Bd4 {[%emt 0:01:30]} Ke7 {[%emt 0:01:23]} 42. Nd2 {[%emt 0:01:09]} Bg3 {[%emt 0:00:52]} 43. Bc3 {[%emt 0:02:45]} Kd6 {[%emt 0:02:13]} 44. Bb4+ {[%emt 0:00:58]} Kd7 {[%emt 0:00:23]} 45. a4 {[%emt 0:01:04]} Be1 {[%emt 0:00:36]} 46. axb5 {[%emt 0:00:52]} axb5 {[%emt 0:00:16]} 47. Bc3 {[%emt 0:00:32]} Bc6 {[%emt 0:04:52]} 48. Nf3 {[%emt 0:01:11]} Bg3 {[%emt 0:05:10]} 49. Be5 {[%emt 0:01:20]} Bxe5 {[%emt 0:06:29]} 50. Nxe5+ {[%emt 0:00:12]} Kd6 {[%emt 0:00:28]} 51. Nxf7+ {[%emt 0:00:21]} Kc5 {[%emt 0:01:55]} 52. e5 {[%emt 0:01:41]} b4 {[%emt 0:00:21]} 53. Kd2 {[%emt 0:00:49]} Kd4 {[%emt 0:02:01]} 54. e6 {[%emt 0:01:17]} c3+ {[%emt 0:03:34]} 55. bxc3+ {[%emt 0:00:52]} bxc3+ {[%emt 0:00:10]} 56. Kc1 {[%emt 0:00:22]} Ke4 {[%emt 0:04:11]} 57. f6 {[%emt 0:00:35]} Kd5 {[%emt 0:00:34]} 58. Nd8 {[%emt 0:02:01]} Kd6 {[%emt 0:00:52]} 59. Nxc6 {[%emt 0:00:16]} Kxe6 {[%emt 0:00:15]} 60. Nd4+ {[%emt 0:00:32]} Kf7 {[%emt 0:00:15]} 61. Nf3 {[%emt 0:01:04]} h6 {[%emt 0:00:32]} 62. gxh6 {[%emt 0:00:27]} Kxf6 {[%emt 0:00:05]} 63. g5+ {[%emt 0:00:24]} Kf7 {[%emt 0:00:28]} 64. Kc2 {[%emt 0:00:09]} Kg8 {[%emt 0:00:06]} 65. Kxc3 {[%emt 0:00:14]} Kh7 {[%emt 0:00:07]} 66. Kd4 {[%emt 0:00:16]} Kg8 {[%emt 0:00:15]} 67. Ke5 {[%emt 0:00:07]} Kf7 {[%emt 0:00:11]} 68. Nh4 {[%emt 0:00:18]} Kg8 {[%emt 0:00:08]} 69. Nxg6 {[%emt 0:00:20]} Kh7 {[%emt 0:00:02]} 70. Nf4 {[%emt 0:00:31]} Kg8 {[%emt 0:00:08]} 71. g6 {[%emt 0:00:33]} Kf8 {[%emt 0:00:06]} 72. Kf6 {[%emt 0:01:26]} Kg8 {[%emt 0:00:13]} 73. h7+ {[%emt 0:02:09]} Kh8 {[%emt 0:00:06]} 74. g7+ {[%emt 0:00:25]} Kxh7 {[%emt 0:00:05]} 75. Kf7 {[%emt 0:00:24]} Kh6 {[%emt 0:00:06]} 76. Ne6 {[%emt 0:00:48]} Kh7 {[%emt 0:00:08]} 77. g8=Q+ {[%emt 0:00:12]} Kh6 {[%emt 0:00:10]} 78. Qg6# 1-0

[Event "Torneio Nacional Honour 2017-18"]
[Site "Cascais"]
[Date "2018.08.15"]
[Round "7"]
[White "Sa, Claudio Simao Carva"]
[Black "Horta, Antonio Mauricio Ri"]
[Result "1-0"]
[WhiteElo "1790"]
[BlackElo "1950"]
[Annotator "NA RC"]
[PlyCount "67"]
[EventDate "2018.08.11"]
[EventType "tourn"]
[EventCountry "POR"]
[SourceTitle "playchess.com"]
[Source "ChessBase"]
[SourceQuality "1"]
[TimeControl "5400+30"]

1. e4 {[%emt 0:00:00]} d6 {[%emt 0:00:00]} 2. Nc3 {[%emt 0:00:00]} Nf6 {[%emt 0:00:52]} 3. f4 {[%emt 0:01:00]} g6 {[%emt 0:01:03]} 4. Nf3 {[%emt 0:00:25]} Bg7 {[%emt 0:00:22]} 5. Bc4 {[%emt 0:00:26]} O-O {[%emt 0:00:34]} 6. d3 {[%emt 0:00:13]} c6 {[%emt 0:01:17]} 7. O-O {[%emt 0:00:23]} Nbd7 {[%emt 0:01:33] B07: Pirc Defence: Miscellaneous Systems} (7... a5 8. a4 Na6 9. Kh1 d5 10. Bxa6 Rxa6 11. Qe1 Bg4 12. e5 Ne8 13. Qh4 Bc8 14. Bd2 Nc7 15. Rae1 {0-1 (36) Ermeni,A (2247)-Morozov,N (2467) Heraklio 2017}) 8. Qe1 {[%emt 0:00:31]} b5 {[%emt 0:01:06]} 9. Bb3 {[%emt 0:00:13]} Nc5 {[%emt 0:00:50]} 10. Qh4 {[%emt 0:04:03]} Nxb3 {[%emt 0:00:51]} 11. axb3 {[%emt 0:03:17]} Nd7 $146 {[%emt 0:15:58]} ({Predecessor:} 11... Bg4 12. f5 Bxf3 13. Rxf3 Nd7 14. Rh3 Nf6 15. Bh6 {1-0 (23) Feller,S (2080)-Troubat,N (1800) Aurec 2002}) 12. f5 {[%emt 0:03:27]} Ne5 {[%emt 0:17:21]} ({Better is} 12... e5 $14) 13. Bh6 {[%emt 0:11:09]} f6 {[%emt 0:06:30]} 14. Nxe5 {[%emt 0:08:49]} dxe5 {[%emt 0:00:57]} 15. g4 {[%emt 0:18:48]} g5 {[%emt 0:03:53]} 16. Qh3 {[%emt 0:01:00]} Rf7 {[%emt 0:00:14]} 17. Bxg7 {[%emt 0:01:12]} Rxg7 {[%emt 0:00:01]} 18. Ne2 {[%emt 0:00:54]} Bd7 {[%emt 0:03:02]} 19. Qe3 {[%emt 0:01:50]} Qc7 {[%emt 0:00:52]} 20. Ng3 {[%emt 0:06:14]} Be8 {[%emt 0:00:16]} 21. Ra6 {[%emt 0:04:03]} c5 {[%emt 0:02:58]} 22. Rfa1 {[%emt 0:00:36]} Kh8 {[%emt 0:00:41]} 23. b4 {[%emt 0:00:43]} cxb4 {[%emt 0:00:56]} 24. Rxa7 {[%emt 0:02:12]} Rxa7 {[%emt 0:00:21]} 25. Rxa7 {[%emt 0:00:31]} Qxc2 {[%emt 0:00:11]} 26. Ra8 {[%emt 0:01:24]} Rg8 $11 {[%emt 0:00:23]} 27. Ra7 {[%emt 0:02:32]} Qxb2 {[%emt 0:26:16]} 28. Rxe7 {[%emt 0:02:10]} Qd4 {[%emt 0:03:06]} 29. Qxd4 {[%emt 0:04:04]} exd4 {[%emt 0:00:01]} 30. Nf1 {[%emt 0:01:12]} Rf8 {[%emt 0:03:56]} 31. Nd2 {[%emt 0:00:48]} Bf7 {[%emt 0:00:10]} 32. Rb7 {[%emt 0:00:21]} Rc8 {[%emt 0:00:37]} 33. Rxf7 {[%emt 0:06:05]} Rc2 {[%emt 0:00:22]} 34. Nb3 {[%emt 0:00:44]} 1-0